000 01903pam a2200289 a 4500
001 2799
005 20240116144946.0
020 _a0439328659
040 _aDLC
_cDLC
_dDLC
_beng
050 0 0 _aQL617.P44
_b1996
082 0 0 _a597
100 1 _aPfeffer, Wendy
_d1929-
245 1 0 _aWhat's it like to be a fish? /
_cby Wendy Pfeffer ; illustrated by Holly Keller.
250 _aFirst Scholastic printing, December 2001
260 _aNew York :
_bScholastic,
_c1996
300 _a32 pages :
_bcolor illustrations ;
_c21 cm
490 _aLET'S- READ- AND- FIND- OUT- SCIENCE
505 _aO
520 _aIn this easily read science book, the structure and habits of goldfish are described, with hints on caring for them as pets. Bowker Authored Title code. In this easily read science book, the structure & habits of goldfish are described, with hints on caring for them as pets. Annotation. How can fish live in water? Why don't they drown? The answer to this fishy question and more can be found in this latest addition to the Let's-Read-and-Find-Out Science series. The book clearly explains how a fish's body is perfectly suited to life underwater, just as our bodies are suited for life on land. 1996 Pick of the Lists' (ABA) Best Children's Science Books 1995 (Science Books and Film) Annotation. How can fish live in water and why don't they drown? The answer to this fishy question and more can be found out in this latest addition to the Let's-Read-and-Find-Out Science series. "What's It Like to Be a Fish?" clearly explains how a fish's body is perfectly suited to life underwater, just as our bodies are suited for life on land.
521 _a600
_bLexile
521 _aO
_bRaz-Plus
650 0 _aFishes
_xJuvenile literature.
650 1 _aFishes.
700 1 _aKeller, Holly
_eillustrator
906 _a7
_bcbc
_corignew
_d1
_eocip
_f19
_gy-gencatlg
942 _2ddc
_cBK
_n0
999 _c2799
_d2799